| 000 | 00720cam a22001934a 4500 | ||
|---|---|---|---|
| 020 | _a1556435649 (pbk.) | ||
| 050 | 0 | 0 |
_aRJ 61 _b.N38 |
| 100 | 1 | _aNeustaedter, Randall, | |
| 245 | 1 | 0 |
_aChild health guide : _bholistic pediatrics for parents / _cRandall Neustaedter. |
| 260 |
_aBerkeley, Calif. : _bNorth Atlantic Books, _cc2005. |
||
| 300 | _a 306 p. ; | ||
| 650 | 0 | _vPopular works. | |
| 650 | 0 | _vPopular works. | |
| 650 | 0 |
_xDiseases _xAlternative treatment _vPopular works. |
|
| 856 | 4 | 1 | _uhttp://www.loc.gov/catdir/toc/ecip058/2005004727.html |
| 856 | 4 | 2 | _uhttp://www.loc.gov/catdir/enhancements/fy0730/2005004727-d.html |
| 856 | 4 | 2 | _uhttp://www.loc.gov/catdir/enhancements/fy0730/2005004727-b.html |
| 942 |
_2lcc _cGEN |
||
| 999 |
_c4524 _d4524 |
||